Historia de la Academia Mexicana de Ciencias Penales /
Historia de los primeros 60 años de la Academia Mexicana de Ciencias Penales, organización creada en 1940 con la finalidad de colaborar con los órganos de la administración pública para adaptar la ley penal a las necesidades de lucha contra la delincuencia y entre cuyos logros se encuentra la public...
Guardado en:
| Autor principal: | |
|---|---|
| Formato: | Libro |
| Idioma: | Español |
| Publicado: |
México :
Porrúa,
2001, c2001
|
| Temas: | |
| Etiquetas: |
Sin etiquetas, Sé el primero en etiquetar este registro!
|
MARC
| LEADER | 00000nam^a2200000^a^4500 | ||
|---|---|---|---|
| 001 | 000126833 | ||
| 005 | 20250521000000.0 | ||
| 009 | 20260310094740.604 | ||
| 020 | |a 970-07-2656-8 | ||
| 037 | |a Acervo ITESO - Biblioteca | ||
| 041 | |a ESP | ||
| 082 | |a 345. 72 |b COR | ||
| 100 | |a Correa García, Sergio J. |e (autor) | ||
| 245 | 1 | 0 | |a Historia de la Academia Mexicana de Ciencias Penales / |c S.J. Correa García. |
| 264 | 4 | |a México : |b Porrúa, |c 2001, c2001 | |
| 300 | |a XII, 1071 p. | ||
| 336 | |a texto |b txt |2 rdacontenido | ||
| 337 | |a sin mediación |b n |2 rdamedio | ||
| 338 | |a volumen |b nc |2 rdasoporte | ||
| 520 | |a Historia de los primeros 60 años de la Academia Mexicana de Ciencias Penales, organización creada en 1940 con la finalidad de colaborar con los órganos de la administración pública para adaptar la ley penal a las necesidades de lucha contra la delincuencia y entre cuyos logros se encuentra la publicación de la revista especializada llamada Criminalia. En la presenta obra sobresale un extenso anexo, que recoge los currículos de los académicos que han integrado la organización a lo largo de su historia. | ||
| 649 | |a XX | ||
| 650 | |a Academia Mexicana de Ciencias Penales - |x Historia | ||
| 650 | |a Asociaciones Profesionales - |z México - |x Historia | ||
| 650 | |a Abogados Mexicanos - |x Curriculum Vitae | ||
| 650 | |a Criminología - |z México | ||
| 650 | |a Investigación Jurídica | ||
| 650 | |a Derecho Penal - |x Publicaciones Periódicas Mexicanas - |x Historia | ||
| 650 | |a Derecho Penal - |z México - |x Historia - |y 1946-2000 | ||
| 650 | |a Derecho Penal - |z México - |x Historia - |y Siglo XX | ||
| 650 | |a Derecho Público - |z México - |x Historia | ||
| 910 | |a Fondo General | ||
| 920 | |a Impresos - Libros | ||
| 930 | |a Colección General | ||
| 905 | |a 101 | ||
| 901 | |a 0500058593 |b IT1 |c ACC |u 20250521 | ||
| 902 | |a https://opac.biblio.iteso.mx/vufind/Record/000126833 | ||